Los amantes de Teruel / (Record no. 111920)

MARC details
000 -LEADER
campo de control de longitud fija 00562nam a2200169 4500
001 - NÚMERO DE CONTROL
campo de control 111920
003 - IDENTIFICADOR DE NÚMERO DE CONTROL
campo de control ES-MaACL
005 - FECHA Y HORA DE LA ÚLTIMA TRANSACCIÓN
campo de control 20230906185403.0
007 - CAMPO FIJO DE DESCRIPCIÓN FÍSICA--INFORMACIÓN GENERAL
campo de control de longitud fija t|
008 - DATOS DE LONGITUD FIJA--INFORMACIÓN GENERAL
campo de control de longitud fija 061121s1962 sp r ||||1| spa d
100 1# - ENTRADA PRINCIPAL--NOMBRE DE PERSONA
Nombre de persona Ornat, María Gloria.
9 (RLIN) 87303
245 14 - MENCIÓN DEL TÍTULO
Título Los amantes de Teruel /
Mención de responsabilidad, etc. Novelización de María Gloria Ornat sobre la obra escrita en verso en el siglo XVII por Juan Yagüe de Salas.
260 ## - PUBLICACIÓN, DISTRIBUCIÓN, ETC.
Lugar de publicación, distribución, etc. Barcelona :
Nombre del editor, distribuidor, etc. Mateu,
Fecha de publicación, distribución, etc. 1962.
300 ## - DESCRIPCIÓN FÍSICA
Extensión 287 p. ;
Dimensiones 18 cm.
700 1# - ENTRADA AGREGADA--NOMBRE PERSONAL
Nombre de persona Yagüe de Salas, Juan.
9 (RLIN) 117536
852 ## - LOCALIZACIÓN
Ubicación ES-MaACL
Número de control de estantería C-22625
Sublocalización o colección R.51211
Holdings
Estatus retirado Estado de pérdida Estado de daño No para préstamo Biblioteca de origen Biblioteca actual Ubicación en estantería Fecha de adquisición Fuente de adquisición Total de préstamos Signatura topográfica completa Código de barras Visto por última vez Precio de reemplazo Tipo de ítem Koha
        Biblioteca del Ateneo de Madrid Biblioteca del Ateneo de Madrid Galería 17/01/2008     C-22625 1116747 23/02/2023 23/02/2023 Libro impreso